000 00284nam a2200121Ia 4500
008 220204s9999 xx 000 0 und d
082 _a665.93
_bADH.8
245 0 _aAdhesion. 8
260 _aLondon
_bApplied science
_c1984
650 _aAdhesive bonding
700 _aK W
942 _cBK
999 _c38872
_d38872